Navega na Internet (Registo nº 4388)

Detalhes MARC
000 -Etiqueta do registo
Cabeçalho 00872nam a2200301 4500
005 - Identificador da versão
Campo de controlo 20240813122059.0
010 ## - Número internacional normalizado dos livros (ISBN)
Número (ISBN) 972750387X
021 ## - Número do Depósito Legal
Código do país PT
Número 160244/01
100 ## - Dados gerais de processamento
Dados gerais de processamento 20040611e2001 a y0pory5003 ba
102 ## - Pais de publicação ou produção
País de publicação Portugal
101 1# - Língua de publicação
Língua do texto, banda sonora, etc. Português
Língua do documento no original Italiano
106 ## - Campo de dados codificados: material textual
Dados codificados do material textual r
105 ## - Campo de dados codificados: livros
Dados codificados dos livros a z 001yy
215 ## - Descrição física 
Indicação específica da natureza do documento e extensão da espécie 136 p.
Outras indicações físicas muito il.
Dimensões 221 cm
200 1# - Titulo e menção de responsabilidade
Título próprio Navega na Internet
Primeira menção de responsabilidade textos de Moreno Soppelsa, Ivan Machesi
Outras menções de responsabilidade trad. Maria Amélia Pedrosa
225 1# - Colecção 
Título próprio da colecção Manuais Disney
205 ## - Menção da edição
Menção da edição [Reimp.]
210 ## - Publicação, Distribuição, etc. 
Lugar da edição, distribuição, etc. Rio de Mouro
Nome do editor, distribuidor, etc. Everest
Data da publicação, distribuição, etc. imp. 2001[D.L. 2003]
304 ## - Notas relativas a título e menção de responsabilidade 
Texto da nota Tít. orig.: Il manuale di Internet
675 ## - Classificação Decimal Universal (CDU)
Notação 087.5
Edição BN
Língua da edição por
Notação 004.73
Edição BN
Língua da edição por
702 #1 - Nome de autor-pessoa física (responsabilidade secundária)
Número de registo de entrada de autoridade 0001197
Palavra de ordem Pedrosa
Outra parte do nome não tomada para palavra de ordem Maria Amélia
Código de função Tradutor
701 #1 - Nome de autor-pessoa física (co-responsabilidade principal)
Palavra de ordem Machesi
Outra parte do nome não tomada para palavra de ordem Ivan
Código de função Autor / Co-autor
700 #1 - Nome de autor-pessoa física (responsabilidade principal)
Número de registo de entrada de autoridade 0001195
Palavra de ordem Soppelsa
Outra parte do nome não tomada para palavra de ordem Moreno
942 ## - Elementos de entrada adicionados (Koha)
Tipo de item no Koha Livro
Exemplares
Situação do levantamento Origin of item (home branch) (coded) Biblioteca de empréstimo Código de barras Cota Circulation type (not for loan) Tipo de documento Nota do exemplar Damaged status
  Biblioteca Escolar das Vendas Biblioteca Escolar das Vendas BEV2086 0 EVE   Livro Sem mensagem